000
00306nam a2200109Ia 4500
008
171211s9999 xx 000 0 und d
245
_a
Judo for Fun: Sport Techniques Made Easy
245
_c
Bruce Tegner
260
_c
1961
650
_x
Martial Arts
856
_u
http://down.ebook777.com/053/B002LLVEOC.pdf
999
_c
348264
_d
348264